[Event "Mechanics' Winter TNM; G/2"]
[Site "San Francisco"]
[Date "2016.02.09"]
[Round "6.22"]
[White "McCarty-Snead, Callaghan"]
[Black "Wang, Yuan"]
[Result "0-1"]
[WhiteElo "1700"]
[BlackElo "2105"]
[PlyCount "100"]
[EventDate "2016.??.??"]

1. e4 c5 2. Nc3 Nc6 3. d3 e6 4. f4 d5 5. Nf3 Nf6 6. e5 Nd7 7. Ne2 Be7 8. c3 b5
9. d4 Qb6 10. Be3 a5 11. g4 b4 12. Rb1 Rb8 13. dxc5 Bxc5 14. Bxc5 Nxc5 15. Ned4
O-O 16. Nxc6 Qxc6 17. Nd4 Qb6 18. cxb4 axb4 19. Nb5 Ne4 20. Qd4 Qa5 21. Kd1
Rxb5 22. Bxb5 Qxb5 23. Rc1 Ba6 24. Re1 Qa4+ 25. b3 Qxa2 26. Rc2 Qb1+ 27. Rc1
Qxb3+ 28. Rc2 Rc8 29. Qb2 Qd3+ 30. Kc1 Rxc2+ 31. Qxc2 b3 32. Qxd3 Bxd3 33. Kb2
Bc2 34. Ra1 g6 35. Ra8+ Kg7 36. g5 Nd2 37. Kc3 Nf3 38. h3 d4+ 39. Kb2 d3 40.
Rd8 d2 41. Rxd2 Nxd2 42. Kc3 Nc4 43. h4 Kf8 44. Kxc4 b2 45. Kc5 b1=Q 46. Kd4
Qb4+ 47. Ke3 Qc3+ 48. Kf2 Qd2+ 49. Kg3 Be4 50. Kh3 Qg2# 0-1

[Event "Mechanics' Spring TNM; G/2"]
[Site "San Francisco"]
[Date "2016.03.29"]
[Round "3.50"]
[White "McCarty-Snead, Tal"]
[Black "Capdeville, Barry"]
[Result "0-1"]
[WhiteElo "317"]
[BlackElo "1273"]
[PlyCount "52"]
[EventDate "2016.??.??"]

1. c4 e5 2. Nc3 Nf6 3. Nf3 d6 4. e4 c5 5. Qa4+ Bd7 6. Qb3 Bc6 7. Bd3 b6 8. O-O
Be7 9. Re1 O-O 10. Nd5 Nxd5 11. cxd5 Bb7 12. Bb1 Nd7 13. d3 Nf6 14. Qc2 Bc8 15.
Qe2 Bg4 16. h3 Bxf3 17. Qxf3 Qd7 18. Qg3 Nh5 19. Qe3 Nf4 20. Qf3 Bg5 21. Bc2 f5
22. exf5 Qxf5 23. Bxf4 exf4 24. Rac1 Rae8 25. d4 Rxe1+ 26. Rxe1 Qxc2 0-1

[Event "Mechanics' Spring TNM; G/2"]
[Site "San Francisco"]
[Date "2016.03.15"]
[Round "1.39"]
[White "McCarty-Snead, Tal"]
[Black "Kondakov, Adrian"]
[Result "0-1"]
[WhiteElo "317"]
[BlackElo "1796"]
[PlyCount "38"]
[EventDate "2016.??.??"]

1. e4 e6 2. Nc3 d5 3. e5 c5 4. Bb5+ Nc6 5. Nf3 Qb6 6. O-O d4 7. Bxc6+ Qxc6 8.
Nb1 Ne7 9. d3 Nd5 10. c4 Nc7 11. a4 Be7 12. Kh1 O-O 13. Ng5 Bxg5 14. Bxg5 b6
15. Be7 Re8 16. Bd6 Bb7 17. Qg4 a6 18. Qg5 h6 19. Qh5 $4 Qxg2# 0-1

[Event "Mechanics' Summer TNM; G/2"]
[Site "San Francisco"]
[Date "2016.05.31"]
[Round "2.25"]
[White "McEnroe, Glenn Aus"]
[Black "Askin, David Benja"]
[Result "0-1"]
[WhiteElo "1553"]
[BlackElo "1918"]
[PlyCount "66"]
[EventDate "2016.??.??"]

1. e4 c6 2. d4 d5 3. exd5 cxd5 4. Nf3 Nf6 5. Bd3 Nc6 6. c3 g6 7. O-O Bf5 8. Bf4
Bg7 9. Re1 Bxd3 10. Qxd3 O-O 11. Nbd2 Re8 12. h3 Nd7 13. Nb3 Rc8 14. Rad1 a6
15. Qd2 b5 16. Ne5 Ncxe5 17. dxe5 e6 18. Nd4 Qc7 19. Nf3 a5 20. Qd4 Qb8 21. b3
Rc6 22. Rc1 Rec8 23. c4 bxc4 24. bxc4 Rxc4 25. Rb1 Qc7 26. Qd2 Rc2 27. Qe3 Rxa2
28. Rec1 Rc2 29. Qa3 Qa7 30. Be3 Rxc1+ 31. Rxc1 Rxc1+ 32. Qxc1 Qb8 33. Bd4 Nxe5
0-1

[Event "Mechanics' Fall TNM; G/2"]
[Site "San Francisco"]
[Date "2016.12.06"]
[Round "8.34"]
[White "McEnroe, Glenn Aus"]
[Black "Bayaraa, Bilguun"]
[Result "1-0"]
[WhiteElo "1508"]
[BlackElo "1127"]
[Annotator "Donaldson"]
[PlyCount "111"]
[EventDate "2016.??.??"]

1. e4 c5 2. c3 Nc6 (2... Nf6 3. e5 Nd5 4. d4 cxd4 5. cxd4 d6) (2... d5 3. exd5
Qxd5) (2... e6 3. d4 d5) 3. Nf3 (3. d4) 3... d6 4. d4 cxd4 5. cxd4 e6 6. Nc3
Nf6 7. Be2 Be7 8. O-O Qb6 (8... O-O) 9. d5 Ne5 10. Nxe5 dxe5 11. Bb5+ Bd7 12.
Bxd7+ Nxd7 13. dxe6 Qxe6 14. Qd5 Qxd5 15. Nxd5 Bd8 (15... Bd6) 16. Be3 O-O 17.
Rfc1 Nf6 18. Nxf6+ Bxf6 19. Rc7 b6 20. Rd1 Rfc8 21. Rdc1 Rxc7 22. Rxc7 Kf8 23.
Kf1 Ke8 24. Ke2 Bd8 25. Rc2 (25. Rb7 Rc8 26. Rxa7 Rc2+) 25... Kd7 26. b4 Ke6 (
26... b5 27. Rc5) 27. f4 f6 (27... b5 28. Rc5 (28. fxe5 Be7) 28... exf4) 28.
f5+ Kd7 29. g4 (29. b5) 29... g5 (29... b5 30. h4 a5) 30. Bf2 Rc8 (30... b5 31.
h4 h6) 31. Rxc8 Kxc8 32. b5 Kd7 33. Kd3 Kd6 34. Kc4 Be7 35. a4 Bd8 36. Be1 Be7
37. a5 (37. Bb4+ Kd7 38. Bxe7 Kxe7 39. Kd5 Kd7 40. h3 h6 41. Kc4 Kd6 42. Kd3
Kc5 43. Kc3) 37... Kd7 38. axb6 axb6 39. Kd5 Bf8 40. Bf2 Kc7 41. Ke6 Bc5 42.
Bxc5 bxc5 43. Kd5 Kb6 44. Kc4 h6 45. h3 Kc7 46. Kxc5 Kb7 47. b6 Kb8 48. Kc6 Kc8
49. b7+ Kb8 50. Kd6 Kxb7 51. Ke7 Kc7 52. Kxf6 Kd7 53. Kg6 Ke7 54. f6+ Kf8 55.
Kxh6 Kf7 56. Kxg5 1-0

[Event "Mechanics' Fall TNM; G/2"]
[Site "San Francisco"]
[Date "2016.10.25"]
[Round "2.29"]
[White "McEnroe, Glenn Aus"]
[Black "Buland, Roger"]
[Result "1/2-1/2"]
[WhiteElo "1508"]
[BlackElo "1951"]
[PlyCount "84"]
[EventDate "2016.??.??"]

1. e4 d5 2. exd5 Nf6 3. d4 Nxd5 4. Nf3 Bg4 5. Be2 Nd7 6. O-O e6 7. c4 N5b6 8.
b3 Be7 9. h3 Bh5 10. Nc3 O-O 11. Bf4 Nf6 12. g4 Bg6 13. Bd3 c5 14. Bxg6 hxg6
15. Nb5 a6 16. Bc7 Qe8 17. Bxb6 axb5 18. dxc5 bxc4 19. b4 Nd5 20. Rc1 Nxb6 21.
cxb6 Qb5 22. Qd4 Rfc8 23. Rc2 Qxb4 24. Kg2 Bf6 25. Qe4 Qxb6 26. Rxc4 Rxc4 27.
Qxc4 Qa5 28. Rb1 Qa6 29. Qc5 Qc6 30. Qb5 Rxa2 31. Qxc6 bxc6 32. Rc1 Ra6 33. g5
Be7 34. h4 Kf8 35. Ne5 c5 36. Nd7+ Ke8 37. Nxc5 Rc6 38. Nd3 Rxc1 39. Nxc1 Kd7
40. Nd3 Kd6 41. Kf3 f6 42. gxf6 gxf6 1/2-1/2

[Event "Mechanics' Alan Benson TNM; G/2"]
[Site "San Francisco"]
[Date "2016.09.27"]
[Round "9.25"]
[White "McEnroe, Glenn Aus"]
[Black "Drane, Robert W"]
[Result "0-1"]
[WhiteElo "1508"]
[BlackElo "1953"]
[Annotator "Donaldson"]
[PlyCount "64"]
[EventDate "2016.??.??"]

1. e4 Nf6 2. e5 Nd5 3. d4 d6 4. c4 Nb6 5. exd6 exd6 6. Nc3 Be7 7. Be3 Nc6 8.
Nf3 Bg4 9. Be2 Bxf3 10. Bxf3 O-O 11. b3 Bf6 12. O-O Nc8 13. Qd2 N8e7 14. Ne4
Nf5 15. Nxf6+ Qxf6 16. Bxc6 bxc6 17. Rac1 Rfe8 18. Rfe1 h6 19. Qc3 a5 20. d5
Qxc3 21. Rxc3 c5 22. Kf1 a4 23. Rcc1 axb3 24. axb3 Ra3 25. Rb1 Rb8 26. Bd2
Raxb3 27. Re8+ Rxe8 28. Rxb3 Nd4 29. Rb7 Ra8 30. Rxc7 Ra1+ 31. Be1 {Diagram [#]
} Kf8 $1 (31... Nc2 32. Re7) 32. f3 Nc2 0-1

[Event "Mechanics' Summer TNM; G/2"]
[Site "San Francisco"]
[Date "2016.06.28"]
[Round "6.37"]
[White "McEnroe, Glenn Aus"]
[Black "Erdenebileg, Enkhjin"]
[Result "1-0"]
[WhiteElo "1553"]
[BlackElo "1025"]
[Annotator "Donaldson"]
[PlyCount "99"]
[EventDate "2016.??.??"]

1. e4 e5 2. Nf3 Nc6 3. Bb5 a6 4. Ba4 Nf6 5. d3 d5 $2 6. O-O (6. Nxe5) 6... b5
7. Bb3 Bg4 8. c3 dxe4 9. dxe4 Qxd1 10. Rxd1 Nxe4 11. Bd5 $2 {Diagram [#] This
looks like it wins a piece but Black has a defense which turns the tables.} (
11. Re1 $11) 11... Rd8 $4 (11... O-O-O $1 $17) 12. Bxc6+ Bd7 13. Bxe4 f5 14.
Bc2 e4 15. Ne5 Bd6 16. Nxd7 Rxd7 17. Bb3 a5 18. a4 b4 19. cxb4 Bxb4 20. Rxd7
Kxd7 21. Bf4 Rd8 22. Nc3 Bd6 23. Rd1 Ke8 24. Bxd6 cxd6 25. Nb5 Ke7 26. Nd4 Kf6
27. Nc6 Rc8 28. Rxd6+ Kg5 29. Be6 Rc7 30. g3 Kg4 31. Kg2 g5 32. h3+ Kh5 33.
Bxf5 g4 34. hxg4+ Kg5 35. Bxe4 Rg7 36. Kh3 (36. f4+ Kxg4 37. Bf3+ Kf5 38. Nd4#)
36... Rf7 37. f4+ Rxf4 38. gxf4+ Kxf4 39. Bxh7 Kg5 40. Rd5+ Kh6 41. Bf5 Kg5 42.
Kg3 Kf6 43. Rd6+ Kg7 44. g5 Kg8 45. Rd7 Kf8 46. Bg6 Kg8 47. Kg4 Kh8 48. Kf5 Kg8
49. Kf6 Kh8 50. Rd8# 1-0

[Event "Mechanics' Alan Benson TNM; G/2"]
[Site "San Francisco"]
[Date "2016.08.02"]
[Round "1.16"]
[White "McEnroe, Glenn Aus"]
[Black "Krasnov, Steven Le"]
[Result "0-1"]
[WhiteElo "1508"]
[BlackElo "1977"]
[Annotator "Donaldson"]
[PlyCount "80"]
[EventDate "2016.??.??"]

1. e4 c5 2. c3 e6 3. Nf3 d5 4. exd5 exd5 5. d4 Nf6 6. Bd3 h6 7. O-O Be6 8. Re1
Nbd7 9. Qc2 Qb6 10. Bf5 Be7 11. Bxe6 fxe6 12. Qg6+ Kf8 13. Nbd2 Kg8 14. Ne5
Nxe5 15. Rxe5 cxd4 16. cxd4 Bd6 17. Re1 Bb4 18. a3 Bxd2 19. Bxd2 Qxb2 20. Be3
Qb5 21. Reb1 Qd7 22. Rc1 Ne8 23. Bf4 Qf7 24. Qxf7+ Kxf7 25. Rc3 g5 26. Be5 Rh7
27. Rac1 Rd8 28. Rc8 Rd7 29. Rb8 b6 30. Rcc8 Ng7 {Diagram [#]} 31. g4 (31. Rf8+
$1 Kg6 (31... Ke7 32. g4 $18) 32. Rf6+ Kh5 33. h3 $18 {
In both cases Black's pieces are completely tied up.}) 31... h5 32. Rh8 $4 {
Releasing all the pressure.} (32. Rf8+ $1) 32... Rxh8 33. Rxh8 hxg4 34. Rh7 Kg6
35. Rxg7+ Rxg7 36. Bxg7 Kxg7 37. Kg2 Kg6 38. Kg3 Kf5 39. f3 gxf3 40. Kxf3 b5
0-1

[Event "Mechanics' Fall TNM; G/2"]
[Site "San Francisco"]
[Date "2016.11.22"]
[Round "6.28"]
[White "McEnroe, Glenn Aus"]
[Black "Malykin, Erika"]
[Result "1/2-1/2"]
[WhiteElo "1508"]
[BlackElo "1599"]
[PlyCount "69"]
[EventDate "2016.??.??"]

1. e4 e6 2. d4 c5 3. d5 Nf6 4. Nc3 Bd6 5. Nf3 Bc7 6. Bd3 Ba5 7. Bd2 Bxc3 8.
Bxc3 exd5 9. exd5 Qe7+ 10. Be2 d6 11. O-O O-O 12. Re1 Qd8 13. h3 a6 14. a4 Ne4
15. Bd2 Bf5 16. Bd3 Nxd2 17. Qxd2 Bxd3 18. Qxd3 Nd7 19. c4 h6 20. Re2 Nf6 21.
Rae1 Qd7 22. Re7 Qxa4 23. Rxb7 Rfe8 24. Rxe8+ Rxe8 25. Kh2 Ne4 26. Qb3 Qxb3 27.
Rxb3 Nxf2 28. Kg1 Ne4 29. Rb6 Ra8 30. Kf1 a5 31. Ke2 Re8 32. Kd3 Nf2+ 33. Kd2
Ne4+ 34. Kd3 Nf2+ 35. Kd2 1/2-1/2

[Event "Mechanics' Summer TNM; G/2"]
[Site "San Francisco"]
[Date "2016.07.12"]
[Round "8.26"]
[White "McEnroe, Glenn Aus"]
[Black "McKellar, Daniel"]
[Result "0-1"]
[WhiteElo "1553"]
[BlackElo "1710"]
[PlyCount "86"]
[EventDate "2016.??.??"]

1. e4 c5 2. c3 g6 3. Nf3 Bg7 4. d4 cxd4 5. cxd4 d5 6. e5 Bg4 7. Be2 Nh6 8. h3
Bxf3 9. Bxf3 e6 10. Nc3 Nc6 11. O-O O-O 12. Be3 Nf5 13. Qd2 Nxe3 14. Qxe3 Qb6
15. Rfd1 Rac8 16. Na4 Qb4 17. Nc3 Na5 18. Be2 Nc4 19. Bxc4 Rxc4 20. Ne2 Rfc8
21. Qb3 f6 22. Qxb4 Rxb4 23. Rdc1 Rbc4 24. f4 fxe5 25. dxe5 g5 26. g3 gxf4 27.
gxf4 Bh6 28. Rf1 Re4 29. Rf2 Rc2 30. Nc3 Rxf2 31. Nxe4 Rxb2 32. Nf6+ Kg7 33.
Kh1 Rf2 34. Kg1 Rf3 35. Kg2 Rc3 36. h4 Kg6 37. Rf1 Rc2+ 38. Kf3 Kf5 39. Ke3
Rxa2 40. Nxh7 Ra3+ 41. Kd4 Ra4+ 42. Kc5 Rxf4 43. Rxf4+ Bxf4 0-1

[Event "Mechanics' Alan Benson TNM; G/2"]
[Site "San Francisco"]
[Date "2016.09.13"]
[Round "7.32"]
[White "McEnroe, Glenn Aus"]
[Black "Olson, David R"]
[Result "1-0"]
[WhiteElo "1508"]
[BlackElo "1400"]
[Annotator "Winslow,Elliott"]
[PlyCount "72"]
[EventDate "2016.??.??"]

1. e4 e5 2. Nf3 Nc6 3. Bb5 Nf6 4. O-O Bc5 {The "Not-The-Berlin Defense."} 5. d3
h6 6. Bxc6 bxc6 7. Nxe5 O-O 8. Nc3 Re8 9. Nf3 a6 10. h3 Bb7 11. Re1 d5 12. exd5
cxd5 13. d4 Bb6 14. Be3 c6 15. Na4 Bc7 16. Nc5 Bc8 17. Nd3 Ne4 18. Nde5 Qf6 19.
c3 Ra7 20. Qa4 Bxe5 21. dxe5 Qe6 22. Bxa7 Re7 23. Bc5 Nxc5 24. Qd4 Ne4 25. Rad1
Qg6 26. Kh2 Qe6 27. b3 g5 28. g4 h5 29. Rg1 hxg4 30. Rxg4 Qh6 31. Rdg1 Bxg4 32.
Rxg4 f5 33. exf6 Rh7 34. h4 Kf7 35. Kg2 Nxf6 36. Nxg5+ Kf8 1-0

[Event "Mechanics' Summer TNM; G/2"]
[Site "San Francisco"]
[Date "2016.06.14"]
[Round "4.44"]
[White "McEnroe, Glenn Aus"]
[Black "Orgilmunkh, Tselmeg"]
[Result "1-0"]
[WhiteElo "1553"]
[BlackElo "514"]
[Annotator "Donaldson"]
[PlyCount "25"]
[EventDate "2016.??.??"]

1. e4 e5 2. Nf3 Nf6 3. Nxe5 Qe7 $2 (3... d6) 4. d4 d5 (4... d6) 5. exd5 Bf5 6.
Bd3 Qb4+ 7. c3 Qd6 8. Bxf5 Be7 9. Qf3 Nxd5 10. Be4 Qf6 11. Bxd5 Qxf3 12. Nxf3
O-O 13. Bxb7 1-0

[Event "Mechanics' Fall TNM; G/2"]
[Site "San Francisco"]
[Date "2016.11.01"]
[Round "3.32"]
[White "McEnroe, Glenn Aus"]
[Black "Sadowsky, Jacob An"]
[Result "1/2-1/2"]
[WhiteElo "1508"]
[BlackElo "1697"]
[PlyCount "75"]
[EventDate "2016.??.??"]

1. e4 Nf6 2. e5 Nd5 3. d4 d6 4. c4 Nb6 5. exd6 exd6 6. Nf3 Bg4 7. Be2 Be7 8.
O-O O-O 9. Nc3 Nc6 10. d5 Bxf3 11. Bxf3 Ne5 12. b3 Re8 13. Bb2 Nbd7 14. Ne4 Bf6
15. Nxf6+ Qxf6 16. Rb1 Nxf3+ 17. Qxf3 Qxf3 18. gxf3 Re2 19. Rfe1 Rae8 20. Kf1
Rxe1+ 21. Rxe1 Rxe1+ 22. Kxe1 Ne5 23. Ke2 f6 24. Ke3 Kf7 25. Bd4 b6 26. h3 a5
27. f4 Nd7 28. Bc3 Nc5 29. Kd4 f5 30. f3 g6 31. b4 axb4 32. Bxb4 Kf6 33. Bc3 g5
34. Ke3+ Kg6 35. fxg5 Kxg5 36. Be1 f4+ 37. Kd4 Nd7 38. Ke4 1/2-1/2

[Event "Mechanics' Alan Benson TNM; G/2"]
[Site "San Francisco"]
[Date "2016.08.23"]
[Round "4.19"]
[White "McEnroe, Glenn Aus"]
[Black "Sanguinetti, George"]
[Result "1/2-1/2"]
[WhiteElo "1508"]
[BlackElo "1900"]
[PlyCount "102"]
[EventDate "2016.??.??"]

1. e4 c5 2. c3 d5 3. exd5 Nf6 4. Nf3 Nxd5 5. d4 e6 6. Be2 Nc6 7. O-O Be7 8. Re1
O-O 9. Qc2 cxd4 10. Nxd4 Nxd4 11. cxd4 Bd7 12. Nc3 Rc8 13. Bd2 Bf6 14. Qd3 Bc6
15. Ne4 b6 16. Bf3 Qd7 17. Nxf6+ Nxf6 18. Bxc6 Rxc6 19. Bc3 Nd5 20. Rac1 Rfc8
21. Bd2 Rxc1 22. Rxc1 Rxc1+ 23. Bxc1 Nb4 24. Qc4 Qc6 25. Qxc6 Nxc6 26. Be3 Kf8
27. Kf1 Ke7 28. Ke2 Kd6 29. a3 Kd5 30. Kd3 b5 31. b4 h6 32. h4 a6 33. g4 f6 34.
f4 Ne7 35. g5 Nf5 36. Bf2 Nd6 37. Be1 Nc4 38. gxf6 gxf6 39. h5 e5 40. dxe5 fxe5
41. fxe5 Kxe5 42. Bc3+ Kf5 43. Kd4 Kg4 44. Kc5 Kxh5 45. a4 Na3 46. axb5 axb5
47. Bb2 Nc2 48. Kxb5 Kg4 49. Kc5 Nxb4 50. Kxb4 Kf5 51. Kc4 h5 1/2-1/2

[Event "Mechanics' Fall TNM; G/2"]
[Site "San Francisco"]
[Date "2016.12.13"]
[Round "9.30"]
[White "McEnroe, Glenn Aus"]
[Black "Valente, Marty J"]
[Result "1/2-1/2"]
[WhiteElo "1508"]
[BlackElo "1161"]
[PlyCount "92"]
[EventDate "2016.??.??"]

1. e4 c5 2. c3 e6 3. d4 d5 4. e5 Nc6 5. Nf3 Nge7 6. a3 Nf5 7. b4 cxd4 8. cxd4
Qb6 9. Bb2 Be7 10. Be2 O-O 11. O-O Bd7 12. Re1 a5 13. b5 a4 14. Bc3 Na7 15.
Qxa4 Bxb5 16. Bxb5 Qxb5 17. Qxb5 Nxb5 18. Bb2 Ra7 19. Rc1 b6 20. a4 Rfa8 21.
Na3 Nxa3 22. Bxa3 Bxa3 23. Rxa3 h6 24. g4 Ne7 25. Rb1 Rb7 26. Rab3 Rxa4 27.
Rxb6 Rxb6 28. Rxb6 Ra7 29. Kg2 Kh7 30. h4 g6 31. Nd2 Kg7 32. Kf3 Ra3+ 33. Rb3
Ra4 34. Ke3 h5 35. f3 Nc6 36. Rd3 hxg4 37. fxg4 Ne7 38. Kf4 Ng8 39. g5 Ne7 40.
Nf3 Nf5 41. Kg4 Kh7 42. h5 gxh5+ 43. Kxh5 Ng7+ 44. Kg4 Nf5 45. Kf4 Kg6 46. Rd2
Rb4 1/2-1/2

[Event "Mechanics' Alan Benson TNM; G/2"]
[Site "San Francisco"]
[Date "2016.08.16"]
[Round "3.27"]
[White "McKellar, Daniel"]
[Black "Allen, Tom Carter"]
[Result "1-0"]
[WhiteElo "1745"]
[BlackElo "1410"]
[Annotator "Donaldson"]
[PlyCount "33"]
[EventDate "2016.??.??"]

1. e4 e5 2. Nf3 Nc6 3. Bb5 f5 4. d3 Nf6 5. exf5 Bc5 6. O-O O-O 7. Be3 d6 8.
Bxc5 dxc5 9. Bxc6 bxc6 10. Nxe5 Qd6 11. Nc4 Qd4 12. Nbd2 Bxf5 13. Nf3 Qg4 (
13... Qf4) 14. Ne3 Qg6 $2 {Diagram [#]} (14... Qh5) 15. Nh4 Qg5 16. Nhxf5 Nh5
17. h4 1-0

[Event "Mechanics' Summer TNM; G/2"]
[Site "San Francisco"]
[Date "2016.05.31"]
[Round "2.17"]
[White "McKellar, Daniel"]
[Black "Anderson, Michael"]
[Result "0-1"]
[WhiteElo "1710"]
[BlackElo "1937"]
[PlyCount "72"]
[EventDate "2016.??.??"]

1. d4 f5 2. Bg5 c6 3. e3 Qb6 4. Qc1 g6 5. Nf3 Bg7 6. Nbd2 Nf6 7. Bc4 d5 8. Bb3
Be6 9. O-O Nbd7 10. c4 O-O 11. Ne5 Rad8 12. Ndf3 Rfe8 13. Bf4 Nf8 14. Ng5 Nh5
15. Bg3 Nxg3 16. hxg3 Bf6 17. Nh3 Qc7 18. cxd5 Bxd5 19. Bxd5+ Rxd5 20. Nf4 Rdd8
21. Qc4+ e6 22. Nfd3 Rd5 23. f4 Bxe5 24. Nxe5 Nd7 25. Nf3 Nf6 26. Rad1 Qg7 27.
Nh2 Qh6 28. Qe2 Red8 29. g4 Qf8 30. g5 Ne4 31. Qf3 Qb4 32. Ng4 Rb5 33. Qh3 fxg4
34. Qxg4 Qe7 35. b3 Qd6 36. Rf3 Qd5 0-1

[Event "Mechanics' Alan Benson TNM; G/2"]
[Site "San Francisco"]
[Date "2016.09.13"]
[Round "7.25"]
[White "McKellar, Daniel"]
[Black "Brown, Nicholas M"]
[Result "1-0"]
[WhiteElo "1745"]
[BlackElo "1419"]
[Annotator "Winslow,Elliott"]
[PlyCount "89"]
[EventDate "2016.??.??"]

1. d4 d5 2. c4 e6 3. Nc3 Be7 4. Nf3 Nf6 5. cxd5 Nxd5 (5... exd5) 6. e4 Nf6 (
6... Nxc3 7. bxc3 c5 {is less good than usual with the bishop already on e7.})
7. Bg5 O-O 8. Be2 b6 9. O-O Bb7 10. e5 Nd5 11. Bxe7 Nxe7 12. Rc1 a6 13. Bc4 Nd7
14. Re1 Ng6 15. d5 Re8 16. Qd2 exd5 17. Nxd5 Ndxe5 18. Nxe5 Nxe5 19. Qf4 Nxc4
20. Rxe8+ Qxe8 21. Qxc4 Bxd5 22. Qxd5 Rd8 23. Qg5 Qd7 24. g3 h6 25. Qf4 c5 26.
Re1 Re8 $6 {This leads to a queen ending -- asking for trouble!} (26... b5) (
26... Qb7) (26... Qc6) (26... Qd5) (26... Qd4) (26... a5) (26... Kf8 {
Are all, according to Stockfish, a clear advantage -- for Black of course.})
27. Rxe8+ Qxe8 28. Qc7 Qe6 29. Kg2 Qd5+ $6 (29... c4) (29... Kh7) (29... g6 {
/\...Kg7}) 30. Kh3 (30. Kg1) 30... b5 31. Qc8+ Kh7 32. Qxa6 b4 $6 {
Now it's gotten harder than ever to win.} 33. Qc8 (33. b3) 33... Qe6+ $2 34.
Qxe6 fxe6 35. b3 $6 (35. Kg4 c4 36. Kf4 {stops Black's pawn(s)}) 35... Kg6 36.
Kg4 e5 37. Kf3 Kf6 38. Ke4 Ke6 39. h4 $2 {Diagram [#]} (39. g4 g5 40. h3 {
leads, after Zugzwang, to mutual queening and winning chances for White.})
39... g5 $4 (39... h5 $11 40. f3 g6 41. g4 g5 $1) 40. hxg5 hxg5 41. g4 Kd6 42.
Kf5 Kd5 43. Kxg5 Ke4 44. Kf6 Kf4 (44... Kf3 45. Kxe5 (45. g5 e4 46. Ke5)) 45.
g5 1-0

[Event "Mechanics' Spring TNM; G/2"]
[Site "San Francisco"]
[Date "2016.04.05"]
[Round "4.17"]
[White "McKellar, Daniel"]
[Black "Clemens, Kristian"]
[Result "0-1"]
[WhiteElo "1616"]
[BlackElo "1918"]
[PlyCount "66"]
[EventDate "2016.??.??"]

1. d4 d5 2. c4 e6 3. Nc3 Nf6 4. cxd5 exd5 5. Bg5 Be7 6. e3 c6 7. Bd3 Be6 8.
Nge2 Nbd7 9. Nf4 O-O 10. O-O Rc8 11. Rb1 c5 12. Nxe6 fxe6 13. Ne2 Qb6 14. Nf4
Qd6 15. Bxf6 Rxf6 16. Nh5 Rf7 17. Qg4 Nf6 18. Nxf6+ Rxf6 19. dxc5 Rxc5 20. Rfc1
Rh6 21. f4 Qb6 22. Re1 Rc7 23. Kh1 Bd6 24. g3 Qa5 25. Qe2 e5 26. fxe5 Bxe5 27.
b4 Qa4 28. Qf3 Qd7 29. Rf1 Rf6 30. Bxh7+ Kxh7 31. Qh5+ Rh6 32. Qxe5 Rc2 33. h4
Qh3+ 0-1

[Event "Mechanics' Winter TNM; G/2"]
[Site "San Francisco"]
[Date "2016.01.26"]
[Round "4.22"]
[White "McKellar, Daniel"]
[Black "Gray, William"]
[Result "1/2-1/2"]
[WhiteElo "1616"]
[BlackElo "2043"]
[PlyCount "60"]
[EventDate "2016.??.??"]

1. e4 c5 2. Nf3 Nc6 3. d4 cxd4 4. Nxd4 g6 5. c4 Bg7 6. Be3 a6 7. Be2 e6 8. Nc3
Nge7 9. Qd2 O-O 10. Nxc6 dxc6 11. Qxd8 Rxd8 12. Rc1 e5 13. Bb6 Re8 14. O-O Be6
15. Na4 Nc8 16. Be3 Nd6 17. f3 Bf8 18. Nc5 Bc8 19. Nb3 f5 20. Bc5 fxe4 21. Bxd6
Bxd6 22. c5 Bf8 23. Bc4+ Kh8 24. fxe4 Bh6 25. Rcd1 Bg4 26. Rd6 Rf8 27. Rdf6
Rxf6 28. Rxf6 Rf8 29. Rxf8+ Bxf8 30. Kf2 Kg7 1/2-1/2

[Event "Mechanics' Fall TNM; G/2"]
[Site "San Francisco"]
[Date "2016.12.13"]
[Round "9.23"]
[White "McKellar, Daniel"]
[Black "Hilliard, Michael"]
[Result "1-0"]
[WhiteElo "1745"]
[BlackElo "1400"]
[PlyCount "77"]
[EventDate "2016.??.??"]

1. d4 d5 2. c4 c6 3. Nc3 Nf6 4. Nf3 e6 5. Bg5 Nbd7 6. e3 Bd6 7. Bd3 O-O 8. O-O
Re8 9. e4 e5 10. cxd5 cxd5 11. exd5 exd4 12. Nxd4 Qb6 13. Qd2 Be5 14. Nf3 Bxc3
15. bxc3 Ne5 16. Nxe5 Rxe5 17. Bxf6 Qxf6 18. Rfe1 Bf5 19. Rxe5 Qxe5 20. Bxf5
Qxf5 21. Re1 Rc8 22. Qd4 b6 23. d6 Rd8 24. g4 Qc8 25. Re7 Qc5 26. Qxc5 bxc5 27.
Rc7 f6 28. d7 Kf7 29. Rxa7 Ke7 30. Kf1 Rxd7 31. Rxd7+ Kxd7 32. Ke2 Kc6 33. Kd3
Kb5 34. a4+ Kb6 35. Kc4 Kc6 36. a5 g6 37. a6 Kb6 38. a7 Kxa7 39. Kxc5 1-0

[Event "Mechanics' Alan Benson TNM; G/2"]
[Site "San Francisco"]
[Date "2016.09.27"]
[Round "9.24"]
[White "McKellar, Daniel"]
[Black "James, Charles"]
[Result "1-0"]
[WhiteElo "1745"]
[BlackElo "1380"]
[PlyCount "40"]
[EventDate "2016.??.??"]

1. d4 d5 2. c4 c6 3. Nc3 dxc4 4. a4 Nf6 5. e4 e6 6. Bxc4 Bb4 7. f3 Qa5 8. Bd2
O-O 9. Nge2 Nbd7 10. O-O Rd8 11. Qc2 Nb6 12. Bd3 e5 13. dxe5 Qxe5 14. Be3 Bc5
15. Bxc5 Qxc5+ 16. Kh1 Be6 17. b3 Bxb3 18. Qxb3 Rxd3 19. a5 Nc4 20. Qxb7 Re8
$14 {White went on to win. Remaining moves unavailable.} 1-0

[Event "Mechanics' Fall TNM; G/2"]
[Site "San Francisco"]
[Date "2016.11.01"]
[Round "3.11"]
[White "McKellar, Daniel"]
[Black "Kim, Isaiah"]
[Result "0-1"]
[WhiteElo "1745"]
[BlackElo "1967"]
[PlyCount "96"]
[EventDate "2016.??.??"]

1. d4 Nf6 2. c4 e6 3. Nc3 Bb4 4. Qc2 O-O 5. a3 Bxc3+ 6. Qxc3 d6 7. Nf3 Nc6 8.
Bg5 Re8 9. e3 e5 10. d5 Nb8 11. g3 Nbd7 12. b4 h6 13. Bxf6 Nxf6 14. Nd2 Bf5 15.
Bd3 Bh3 16. Ne4 Bg2 17. Nxf6+ Qxf6 18. Rg1 Bf3 19. Be2 c6 20. Bxf3 Qxf3 21. Qd2
Rec8 22. Qe2 Qe4 23. f3 Qf5 24. e4 Qd7 25. Kf2 Qh3 26. Ke3 cxd5 27. cxd5 f5 28.
Rgc1 Qh5 29. Kd2 fxe4 30. fxe4 Qg5+ 31. Qe3 Qh5 32. Qe2 Qg5+ 33. Qe3 Qd8 34.
Rxc8 Qxc8 35. Rc1 Qd7 36. Qe2 a6 37. Rc3 Qd8 38. Qg4 Qf8 39. Qe6+ Kh8 40. Ke2
Qd8 41. h4 Rb8 42. Kf3 Qf8+ 43. Qf5 Qe7 44. Qe6 Rf8+ 45. Ke3 Qd8 46. h5 Qb6+
47. Rc5 Qd8 48. Rc3 Qg5+ 0-1

[Event "Mechanics' Summer TNM; G/2"]
[Site "San Francisco"]
[Date "2016.06.21"]
[Round "5.18"]
[White "McKellar, Daniel"]
[Black "Marcus, Joel"]
[Result "0-1"]
[WhiteElo "1710"]
[BlackElo "1913"]
[PlyCount "58"]
[EventDate "2016.??.??"]

1. c4 Nc6 2. d4 d5 3. Nc3 Nf6 4. Nf3 Bf5 5. a3 e6 6. Bg5 Be7 7. e3 O-O 8. Bxf6
Bxf6 9. cxd5 exd5 10. Qb3 Ne7 11. g3 c5 12. dxc5 d4 13. Rd1 Nc6 14. Be2 Bh3 15.
Ne4 Qa5+ 16. Rd2 Rfe8 17. Qxb7 dxe3 18. fxe3 Ne7 19. Nxf6+ gxf6 20. Qb4 Qxb4
21. axb4 Nf5 22. Kf2 Nxe3 23. Nd4 Rad8 24. Nb3 Rb8 25. Rd3 Rxb4 26. c6 Bf5 27.
Rc3 Nd5 28. Rc5 Be4 29. Rhc1 Rxb3 0-1